Normal view
MARC view
Entry Topical Term
001 - CONTROL NUMBER
- control field: 876
003 - CONTROL NUMBER IDENTIFIER
- control field: OSt
005 - DATE AND TIME OF LATEST TRANSACTION
- control field: 20240716122209.0
008 - FIXED-LENGTH DATA ELEMENTS
- fixed length control field: 240716|| aca||aabn | a|a d
040 ## - CATALOGING SOURCE
- Original cataloging agency: OSt
- Transcribing agency: OSt
150 ## - HEADING--TOPICAL TERM
- Topical term or geographic name entry element: Language and logic
670 ## - SOURCE DATA FOUND
- Source citation: Work cat.: (OSt)32774: Bowell, Tracy, 1965- author. 873, Critical thinking :